Click the Countries by Capitals on a Borderless World Map - Statistics

General Stats
  • This quiz has been taken 460 times
  • The average score is 19 of 25
Answers on the Map
Answers color-coded by a green-red scale on the quiz's map according to % correct below.
 
Answer Stats
Answer % Correct
New Delhi
98%
Seoul
94%
Buenos Aires
93%
Washington D.C.
93%
Algiers
92%
Cairo
92%
Reykjavík
90%
Helsinki
88%
Warsaw
86%
Wellington
86%
Athens
83%
Manila
83%
Paris
78%
Dublin
70%
Quito
69%
Port Moresby
68%
Antananarivo
67%
Santo Domingo
67%
Bangkok
65%
Tehran
65%
Abuja
63%
Kinshasa
59%
Astana
58%
Victoria
54%
Managua
50%
No matching quizzes found
Score Distribution
Percent of People with Each Score
Percentile by Number Answered
Your Score History
You have not taken this quiz